Statistiken für Städte mit F nach Bildern

Klicken Sie hier um das Quiz zu spielen!

Allgemein

  • Dieses Quiz wurde 185 mal gespielt
  • Das Durchschnittsergebnis liegt bei 7 aus 12

Antwortstatistiken

Antwort% Korrekt
F{rankfurt}
99%
Fü{rth}
87%
F{lorenz}
76%
Fr{eiburg}
71%
Fre{etown}
63%
F{ort} L{auderdale}
54%
Fl{ensburg}
52%
F{ez}
47%
Fu{lda}
44%
Fo{rtaleza}
43%
F{argo}
23%
Fos{han}
11%

Verteilung der Resultate

Perzentil nach korrekt beantworteten Fragen

Anzahl Personen mit jedem Resultat

Ihre Resultats-Entwicklung

Sie haben dieses Quiz noch nicht gespielt